[Event "14th Poti Open-A 2019"]
[Site "Poti"]
[Date "2019.07.19"]
[Round "8.24"]
[White "Mchedlishvili, Ramaz"]
[Black "Kavkasidze, Ilia"]
[Result "1-0"]
[WhiteElo "1441"]
[BlackElo "1704"]
[Annotator "NA RC"]
[PlyCount "83"]
[EventDate "2019.07.13"]
[EventType "swiss"]
[EventCountry "GEO"]
[SourceTitle "playchess.com"]
[Source "ChessBase"]
[SourceQuality "1"]
[TimeControl "40/5400+30:1800+30"]

1. b3 {[%emt 0:00:24]} Nf6 {[%emt 0:01:59]} 2. Bb2 {[%emt 0:00:08]} g6 {[%emt 0:00:11]} 3. Bxf6 {[%emt 0:00:05]} exf6 {[%emt 0:00:06]} 4. c4 {[%emt 0:00:05]} Bg7 {[%emt 0:00:30]} 5. Nc3 {[%emt 0:00:07]} O-O {[%emt 0:01:30]} 6. g3 {[%emt 0:00:19]} Re8 {[%emt 0:07:23]} 7. Bg2 {[%emt 0:01:01]} c6 {[%emt 0:00:49]} 8. e3 {[%emt 0:02:42]} b6 {[%emt 0:02:16]} 9. Nge2 {[%emt 0:01:06]} Bb7 {[%emt 0:00:47]} 10. O-O {[%emt 0:00:22]} Qc7 {[%emt 0:01:54]} 11. d4 {[%emt 0:01:35]} f5 {[%emt 0:02:27]} 12. Rc1 {[%emt 0:01:25]} d6 {[%emt 0:00:35]} 13. Qc2 {[%emt 0:02:04]} Nd7 {[%emt 0:01:55]} 14. Nf4 {[%emt 0:02:08]} Nf6 {[%emt 0:02:25]} 15. h4 {[%emt 0:02:17]} h5 {[%emt 0:04:14]} 16. Rfd1 {[%emt 0:04:24]} Qe7 {[%emt 0:01:20]} 17. b4 {[%emt 0:05:44]} Rac8 {[%emt 0:10:15]} 18. Qb3 {[%emt 0:04:11]} Ng4 {[%emt 0:07:03]} 19. Nce2 {[%emt 0:03:24]} Kf8 {[%emt 0:13:11]} 20. a4 {[%emt 0:01:40]} a6 {[%emt 0:03:30]} 21. c5 {[%emt 0:07:15]} dxc5 {[%emt 0:03:10]} 22. dxc5 {[%emt 0:06:29]} b5 {[%emt 0:01:12]} 23. axb5 {[%emt 0:00:21]} axb5 {[%emt 0:00:11]} 24. Rd6 {[%emt 0:02:24]} Bf6 {[%emt 0:02:50]} 25. Rcd1 {[%emt 0:05:39]} Red8 {[%emt 0:01:53]} 26. Nd4 {[%emt 0:01:49]} Rxd6 {[%emt 0:01:54]} 27. cxd6 {[%emt 0:00:10]} Qd7 {[%emt 0:00:39]} 28. Nde6+ {[%emt 0:05:37]} fxe6 {[%emt 0:00:35]} 29. Nxe6+ {[%emt 0:00:07]} Ke8 {[%emt 0:04:19]} 30. Nc5 {[%emt 0:01:00]} Qf7 {[%emt 0:01:04]} 31. d7+ {[%emt 0:00:29]} Kf8 {[%emt 0:00:10]} 32. dxc8=Q+ {[%emt 0:00:52]} Bxc8 {[%emt 0:00:04]} 33. Qxf7+ {[%emt 0:00:40]} Kxf7 {[%emt 0:00:05]} 34. Bxc6 {[%emt 0:00:15]} Bc3 {[%emt 0:00:21]} 35. Rd8 {[%emt 0:03:53]} Be6 {[%emt 0:00:17]} 36. Be8+ {[%emt 0:00:53]} Ke7 {[%emt 0:00:22]} 37. Nxe6 {[%emt 0:00:13]} Kxe6 {[%emt 0:00:03]} 38. Bxg6 {[%emt 0:00:19]} Bxb4 {[%emt 0:00:53]} 39. Bxh5 {[%emt 0:00:21]} Nf6 {[%emt 0:00:14]} 40. Be2 {[%emt 0:00:40]} Ne4 {[%emt 0:00:20]} 41. Bd3 {[%emt 0:31:51]} Nc3 {[%emt 0:31:27]} 42. Bxb5 {[%emt 0:01:54] Kd5} 1-0

[Event "14th Poti Open-A 2019"]
[Site "Poti"]
[Date "2019.07.19"]
[Round "8.27"]
[White "Gegia, Davit"]
[Black "Ghvamberia, Gela"]
[Result "1-0"]
[WhiteElo "1386"]
[BlackElo "1291"]
[Annotator "NA RC"]
[PlyCount "103"]
[EventDate "2019.07.13"]
[EventType "swiss"]
[EventCountry "GEO"]
[SourceTitle "playchess.com"]
[Source "ChessBase"]
[SourceQuality "1"]
[TimeControl "40/5400+30:1800+30"]

1. d4 {[%emt 0:00:00]} d5 {[%emt 0:00:00]} 2. Bf4 {[%emt 0:00:00]} Nf6 {[%emt 0:00:00]} 3. Nf3 {[%emt 0:00:00]} Bf5 {[%emt 0:01:03]} 4. e3 {[%emt 0:00:00]} Nbd7 {[%emt 0:01:26]} 5. Bd3 {[%emt 0:00:22]} Bxd3 {[%emt 0:02:28]} 6. Qxd3 {[%emt 0:01:26]} e6 {[%emt 0:02:01]} 7. Ne5 {[%emt 0:02:09]} Nh5 {[%emt 0:02:03]} 8. Bg3 {[%emt 0:00:32]} a6 {[%emt 0:00:47]} 9. Nxd7 {[%emt 0:00:54]} Qxd7 {[%emt 0:00:13]} 10. Nd2 {[%emt 0:02:01]} Nxg3 11. hxg3 {[%emt 0:00:08]} h6 {[%emt 0:02:47]} 12. c3 {[%emt 0:02:40]} Bd6 {[%emt 0:02:19]} 13. f4 {[%emt 0:03:23]} c5 {[%emt 0:01:34]} 14. g4 {[%emt 0:02:05]} c4 {[%emt 0:00:47]} 15. Qc2 {[%emt 0:00:23]} b5 {[%emt 0:01:50]} 16. g5 {[%emt 0:00:53]} h5 {[%emt 0:02:06]} 17. g4 {[%emt 0:02:46]} h4 {[%emt 0:05:40]} 18. Nf3 {[%emt 0:00:48]} h3 {[%emt 0:00:59]} 19. Ng1 {[%emt 0:00:23]} O-O-O {[%emt 0:01:44]} 20. O-O-O {[%emt 0:02:12]} Rh4 {[%emt 0:03:18]} 21. Rxh3 Rxh3 {[%emt 0:03:52]} 22. Nxh3 {[%emt 0:00:44]} b4 {[%emt 0:00:31]} 23. Ng1 {[%emt 0:05:31]} bxc3 {[%emt 0:01:58]} 24. Qxc3 {[%emt 0:01:06]} Qb5 {[%emt 0:00:29]} 25. a3 {[%emt 0:02:59]} Kd7 {[%emt 0:02:23]} 26. Nf3 {[%emt 0:02:44]} Rc8 {[%emt 0:01:40]} 27. Rh1 Bc7 {[%emt 0:08:55]} 28. Ne5+ {[%emt 0:03:52]} Ke7 {[%emt 0:00:21]} 29. Qb4+ {[%emt 0:01:05]} Qxb4 {[%emt 0:01:23]} 30. Nc6+ {[%emt 0:00:05]} Kd6 {[%emt 0:00:27]} 31. Nxb4 {[%emt 0:00:15]} a5 {[%emt 0:00:19]} 32. Na2 {[%emt 0:00:22]} g6 {[%emt 0:01:16]} 33. Nc3 {[%emt 0:01:02]} Rb8 34. Rh7 {[%emt 0:01:47]} Ke7 {[%emt 0:01:27]} 35. f5 {[%emt 0:00:20]} Rg8 {[%emt 0:07:07]} 36. f6+ {[%emt 0:06:19]} Ke8 {[%emt 0:01:48]} 37. Kc2 {[%emt 0:00:27]} Rf8 {[%emt 0:02:44]} 38. e4 {[%emt 0:03:56]} Bf4 {[%emt 0:02:00]} 39. exd5 {[%emt 0:00:07]} Bxg5 {[%emt 0:01:13]} 40. Ne4 {[%emt 0:00:08]} Bf4 {[%emt 0:04:58]} 41. dxe6 {[%emt 0:30:11]} fxe6 {[%emt 0:30:52]} 42. Re7+ {[%emt 0:00:12]} Kd8 {[%emt 0:00:17]} 43. Rxe6 {[%emt 0:00:09]} Kd7 {[%emt 0:01:04]} 44. Re7+ {[%emt 0:00:18]} Kc6 {[%emt 0:00:22]} 45. g5 {[%emt 0:00:46]} Kd5 {[%emt 0:01:04]} 46. Kc3 {[%emt 0:01:45]} Rh8 {[%emt 0:03:43]} 47. f7 {[%emt 0:01:27]} Rf8 {[%emt 0:00:22]} 48. Nf6+ {[%emt 0:01:26]} Kd6 {[%emt 0:00:36]} 49. Ra7 {[%emt 0:00:19]} Ke6 {[%emt 0:03:07]} 50. d5+ {[%emt 0:00:50]} Kf5 {[%emt 0:03:00]} 51. Nh7 {[%emt 0:00:08]} Be5+ {[%emt 0:00:27]} 52. Kxc4 {[%emt 0:00:16]} 1-0

[Event "14th Poti Open-A 2019"]
[Site "Poti"]
[Date "2019.07.20"]
[Round "9.1"]
[White "Babujian, Levon"]
[Black "Sanikidze, Tornike"]
[Result "1-0"]
[WhiteElo "2469"]
[BlackElo "2509"]
[Annotator "TA"]
[PlyCount "69"]
[EventDate "2019.07.13"]
[EventType "swiss"]
[EventCountry "GEO"]
[SourceTitle "playchess.com"]
[Source "ChessBase"]
[SourceQuality "1"]

{[%evp 20,69,37,22,34,-10,-14,-27,-16,-12,-14,0,-2,-43,-41,-39,-45,-33,-37,-41,-42,-35,-47,-33,-24,-100,0,-79,-83,-166,-194,-248,-256,-291,-194,-316,0,0,0,0,468,477,5653,5585,29953,6483,29991,29992,29992,29993,29995,29996]} 1. d4 Nf6 2. c4 g6 3. Nc3 d5 4. cxd5 Nxd5 5. e4 Nxc3 6. bxc3 Bg7 7. Nf3 c5 8. Rb1 O-O 9. Be2 b6 10. O-O Bb7 11. Qd3 e6 {D85: Exchange Grünfeld: Unusual White 7th moves and lines with 7 Nf3} (11... Ba6 12. Qe3 Qd7 13. dxc5 Bxe2 14. Qxe2 bxc5 15. Rd1 Qe6 16. h4 Nc6 17. Ng5 Qf6 18. Be3 Rad8 19. Bxc5 Qxc3 20. Rdc1 Qa5 {½-½ (32) Mamedyarov,S (2800)-Nepomniachtchi,I (2742) Geneva 2017}) 12. dxc5 Qc7 13. Ba3 Rd8 {Black has an edge.} 14. Qe3 Nd7 15. cxb6 axb6 16. Rb3 $146 (16. Be7 $5 {[%cal Re7d8]}) ({Predecessor:} 16. Bb4 Nc5 17. Nd2 Rxa2 18. Rfd1 h5 19. Bc4 {0-1 (33) Goettelmann,G (2007)-Barbot,P (2271) Avoine 2012}) 16... Ra4 17. c4 Rda8 18. Rd1 Bxe4 {Strongly threatening ...Bc2.} 19. Bd6 Qb7 {White must now prevent ...Bc2.} 20. Ng5 Bc2 (20... Bxg2 $6 21. Nf3 $14) 21. Bf3 Qa7 22. Qf4 (22. Re1 $1 $11 {remains equal.}) 22... f6 (22... Bf6 $17 23. Rc1 Bxb3 24. Bxa8 Bxa2) 23. Nxe6 (23. Bxa8 $11 {keeps the balance.} Bxd1 24. Qe3) 23... Bxd1 $17 24. Bd5 (24. Bxa8 $17 Bxb3 25. Bd5) 24... Qa5 $1 $19 {[%cal Ra5e1]} ({Not} 24... Bxb3 25. Nf8+ Kh8 26. Nxg6+ $1 {[%mdl 512]} hxg6 27. Qh4+ Bh6 28. Qxh6#) 25. Qe4 (25. Bb4 $142 Qxd5 26. cxd5 Bxb3 27. Nxg7 Rxa2 28. h3 Kxg7 29. Qe3) 25... Kh8 $1 ({Weaker is} 25... Rxa2 26. Ng5+ Kh8 27. Nf7+ Kg8 28. Qe6 $1 $18 {[%mdl 512]}) ({Worse is} 25... Bxb3 26. Nd8+ Kh8 27. Nf7+ Kg8 28. Ne5+ Qxd5 29. Qxd5+ Kh8 30. Nf7+ Kg8 31. Nh6+ $1 {[%mdl 512]} Kh8 32. Qg8+ $1 {[%mdl 512]} Rxg8 33. Nf7#) 26. Re3 Rxa2 27. h4 {[#]} Bc2 $2 (27... Bh6 $1 $19 28. Ng5 fxg5) 28. Qf4 $11 Ra1+ 29. Kh2 g5 $2 {[%mdl 8192]} (29... Re8 $11 30. Ng5 Re1 31. Nf7+ Kg8) 30. hxg5 $18 fxg5 {[#]} (30... Rd1 $142 31. Nxg7 Rxd5 32. cxd5 Qxd5 33. gxf6 Bg6) 31. Qf7 $1 {[%csl Ge6][%cal Rf7g7][%mdl 576] Double Attack} Bf6 32. Qxd7 {Nd8! would kill now.} Qd2 {[#]} 33. Nd8 $1 {[%cal Re3e8][%mdl 512] White mates.} Qxe3 (33... Rxd8 34. Qxd8+) 34. fxe3 Rxd8 {[#]} 35. Qxd8+ $1 {[%mdl 576] Double Attack. Accuracy: White = 57%, Black = 81%.} 1-0

[Event "14th Poti Open-A 2019"]
[Site "Poti"]
[Date "2019.07.20"]
[Round "9.2"]
[White "Gabuzyan, Hovhannes"]
[Black "Maghalashvili, Davit"]
[Result "1-0"]
[WhiteElo "2622"]
[BlackElo "2485"]
[Annotator "TA"]
[PlyCount "132"]
[EventDate "2019.07.13"]
[EventType "swiss"]
[EventCountry "GEO"]
[SourceTitle "playchess.com"]
[Source "ChessBase"]
[SourceQuality "1"]

{[%evp 11,132,4,26,8,27,35,38,14,21,14,33,14,14,0,18,16,40,31,47,38,37,31,65,68,61,43,41,0,60,61,85,91,73,68,98,57,64,58,53,64,53,57,60,60,60,60,60,60,60,60,60,60,60,60,65,77,88,91,115,119,104,30,37,41,36,13,190,203,205,205,201,194,200,198,198,183,187,192,204,202,199,205,199,210,258,252,312,282,354,259,252,259,241,231,253,191,308,327,322,323,275,245,404,357,405,383,399,382,810,772,760,760,2397,4133,5477,6382,29980,29978,29976,29977,29983,29984,29983]} 1. e4 c6 2. d4 d5 3. exd5 cxd5 4. Bd3 Nc6 5. c3 g6 6. Ne2 Nf6 7. Nd2 $146 {B13: Caro-Kann: Exchange Variation and Panov-Botvinnik Attack} (7. O-O Bg7 8. Na3 O-O 9. Nc2 Bf5 10. Bxf5 gxf5 11. Bf4 e6 12. Ng3 Kh8 13. Nh5 Nxh5 14. Qxh5 Qf6 {½-½ (33) Potapov,P (2479)-Popov,I (2599) Sochi 2017}) 7... Bf5 8. Bxf5 gxf5 9. Nf4 {White is slightly better.} e6 10. Qe2 Bd6 11. Nf3 Qc7 12. Nd3 Rg8 13. g3 Rg4 14. Be3 O-O-O 15. O-O-O Kb8 16. Kb1 Rgg8 17. Bg5 Be7 $1 18. Bf4 Bd6 19. Bg5 Be7 $1 20. Nde5 Nxe5 21. Qxe5 Rg6 22. h4 Ng8 23. Qxc7+ Kxc7 24. Bf4+ Bd6 $1 25. h5 Rg7 $1 26. h6 Rg6 $1 27. Nh4 Rg4 28. f3 $1 {[%cal Rf3g4]} Rxg3 29. Bxg3 Bxg3 30. Ng2 f4 31. Ne1 Ne7 32. Nd3 Rg8 33. Rh5 Kd6 34. c4 f6 35. cxd5 $1 exd5 36. Rd2 (36. b4 $16) 36... Nc6 $11 37. Nc5 b6 38. Na4 Re8 $2 (38... Be1 $1 $11 {and Black stays safe.} 39. Rd1 Bf2) 39. Nc3 $18 Re1+ 40. Kc2 Ne7 41. Rd1 $1 Re3 42. Rd3 Re1 43. Nb5+ $1 Ke6 44. Nxa7 Kf7 45. Nb5 Kg6 46. Rh3 Nf5 {With the idea ...Ne3+.} 47. Nc3 Ne3+ 48. Kb3 Kg5 49. Kb4 Ng4 50. fxg4 Kxg4 51. Nxd5 {Black must now prevent Rhxg3+.} Kxh3 52. Nxf4+ $1 {[%mdl 4096] Endgame KRB-KRN} (52. Nxf6 Re3 $11) (52. Nxb6 Kg4 $17) 52... Kg4 53. Nd5 Bd6+ (53... f5 $142) 54. Kb5 f5 55. Ne3+ (55. Kxb6 f4 $14) 55... Kg5 56. Nc4 Be7 $2 (56... Bc7 57. d5 (57. Nxb6 f4 $18) 57... f4) 57. Kxb6 f4 58. a4 Kf5 59. Nd2 Re3 $2 {[#]} (59... Re6+ 60. Kb5 Re3) 60. Rxe3 $1 fxe3 {[#] KB-KN} 61. Nf1 $1 ({Stronger than} 61. Nf3 e2 $17) 61... Ke4 {[#]} 62. Nxe3 $1 {[%mdl 512]} Bd8+ (62... Kxe3 63. d5) 63. Kb5 Kxe3 64. a5 {[%cal Ba4a5,Ba5a6][%mdl 32] White mates.} Bf6 65. d5 Ke4 66. a6 Kxd5 {Accuracy: White = 80%, Black = 39%.} 1-0

[Event "14th Poti Open-A 2019"]
[Site "Poti"]
[Date "2019.07.20"]
[Round "9.3"]
[White "Urazayev, Arystanbek"]
[Black "Shahinyan, David"]
[Result "0-1"]
[WhiteElo "2436"]
[BlackElo "2445"]
[Annotator "NA"]
[PlyCount "114"]
[EventDate "2019.07.13"]
[EventType "swiss"]
[EventCountry "GEO"]
[SourceTitle "playchess.com"]
[Source "ChessBase"]
[SourceQuality "1"]
[TimeControl "40/5400+30:1800+30"]

1. e4 {[%emt 0:00:00]} d6 {[%emt 0:00:10]} 2. d4 {[%emt 0:00:00]} Nf6 {[%emt 0:00:05]} 3. Nc3 {[%emt 0:00:00]} e5 {[%emt 0:00:05]} 4. Nf3 {[%emt 0:00:00]} Nbd7 {[%emt 0:00:05]} 5. Bc4 {[%emt 0:00:00]} Be7 {[%emt 0:00:07]} 6. O-O {[%emt 0:00:00]} O-O {[%emt 0:00:03]} 7. a4 {[%emt 0:00:00]} c6 {[%emt 0:00:02]} 8. h3 {[%emt 0:00:00]} h6 {[%emt 0:04:08]} 9. Re1 {[%emt 0:01:49]} Re8 {[%emt 0:02:31]} 10. Be3 {[%emt 0:04:58] C41: Philidor Defence} Qa5 $146 {[%emt 0:09:50]} ({Predecessor:} 10... Qc7 11. Ba2 Nf8 12. Qd3 Ng6 13. a5 Nh5 14. Ne2 Bf8 15. d5 c5 16. Qd2 Qd8 17. Bc4 Bd7 18. Kh2 Nh4 19. Nxh4 Qxh4 {1-0 (73) Rodshtein,M (2673)-Moussard,J (2601) Skopje 2019}) 11. Ba2 {[%emt 0:17:31]} exd4 {[%emt 0:02:26]} 12. Nxd4 {[%emt 0:00:39]} Ne5 {[%emt 0:00:09]} 13. Qd2 {[%emt 0:11:12]} Qb4 {[%emt 0:07:28]} 14. Nd5 {[%emt 0:07:22]} Nxd5 {[%emt 0:00:05]} 15. exd5 {[%emt 0:00:09]} Qxd2 {[%emt 0:00:03]} 16. Bxd2 {[%emt 0:00:05]} Bd7 {[%emt 0:00:47]} 17. Ne2 {[%emt 0:13:09]} Bf5 {[%emt 0:15:57]} 18. Nd4 {[%emt 0:03:05]} Bd7 {[%emt 0:01:17]} 19. Ne2 {[%emt 0:00:06]} c5 {[%emt 0:10:02]} 20. a5 {[%emt 0:02:15]} b5 {[%emt 0:03:48]} 21. Ng3 {[%emt 0:02:02]} Bf8 {[%emt 0:03:54]} 22. Rad1 {[%emt 0:11:58]} Ng6 {[%emt 0:06:17]} 23. Rxe8 {[%emt 0:03:49]} Rxe8 {[%emt 0:00:01]} 24. Be3 {[%emt 0:00:34]} f5 {[%emt 0:01:25]} 25. Ne2 {[%emt 0:06:25]} Re4 {[%emt 0:00:13]} 26. Nc3 {[%emt 0:02:54]} Rb4 {[%emt 0:00:03]} 27. Bc1 {[%emt 0:01:05]} Be7 {[%emt 0:03:30]} 28. Bb3 {[%emt 0:03:21]} Bd8 {[%emt 0:06:24]} 29. Bd2 {[%emt 0:01:53]} Rh4 {[%emt 0:06:35]} 30. g3 {[%emt 0:01:01]} Rxh3 {[%emt 0:03:00]} 31. Kg2 {[%emt 0:00:52]} f4 {[%emt 0:05:20]} 32. Ne4 {[%emt 0:00:10]} f3+ {[%emt 0:00:37]} 33. Kxf3 {[%emt 0:01:01]} Nh4+ {[%emt 0:00:01]} 34. Ke3 {[%emt 0:01:59]} Nf5+ {[%emt 0:01:40]} 35. Kd3 {[%emt 0:01:59]} c4+ {[%emt 0:00:38]} 36. Bxc4 {[%emt 0:00:05]} bxc4+ {[%emt 0:00:03]} 37. Kxc4 {[%emt 0:00:03]} a6 {[%emt 0:01:27]} 38. Kd3 {[%emt 0:01:30]} Ne7 {[%emt 0:01:19]} 39. c4 {[%emt 0:00:59]} Rh5 {[%emt 0:00:19]} 40. b4 {[%emt 0:00:00]} Nc8 {[%emt 0:00:00]} 41. Bf4 {[%emt 0:08:09]} Be7 {[%emt 0:08:21]} 42. Kd4 {[%emt 0:00:51]} Rf5 {[%emt 0:01:03]} 43. c5 {[%emt 0:06:31]} Ba4 {[%emt 0:01:04]} 44. Rc1 {[%emt 0:03:33] [#]} Bf6+ $17 {[%emt 0:03:28]} 45. Nxf6+ {[%emt 0:01:49]} Rxf6 {[%emt 0:02:12]} 46. Re1 {[%emt 0:06:48]} Kf7 {[%emt 0:01:37]} 47. cxd6 {[%emt 0:00:54]} Nxd6 {[%emt 0:00:07]} 48. Kc5 {[%emt 0:00:36]} Nb7+ {[%emt 0:00:33]} 49. Kd4 {[%emt 0:00:05]} g5 {[%emt 0:00:40]} 50. Be5 {[%emt 0:00:41]} Rxf2 {[%emt 0:00:28]} 51. Rc1 {[%emt 0:00:48]} Rd2+ {[%emt 0:00:48]} 52. Ke4 {[%emt 0:01:31]} Bc2+ {[%emt 0:00:15]} 53. Kf3 {[%emt 0:01:01]} Kg6 {[%emt 0:02:57]} 54. b5 {[%emt 0:01:53]} Nc5 {[%emt 0:02:19]} 55. Bd6 {[%emt 0:01:43]} Nb3 {[%emt 0:02:17]} 56. bxa6 {[%emt 0:02:13]} Nxc1 {[%emt 0:01:37]} 57. a7 {[%emt 0:00:46]} Re2 {[%emt 0:00:09]} 0-1

[Event "14th Poti Open-A 2019"]
[Site "Poti"]
[Date "2019.07.20"]
[Round "9.4"]
[White "Nigalidze, Gaioz"]
[Black "Paichadze, Luka"]
[Result "0-1"]
[WhiteElo "2563"]
[BlackElo "2567"]
[Annotator "ChessBase"]
[PlyCount "54"]
[EventDate "2019.07.13"]
[EventType "swiss"]
[EventCountry "GEO"]
[SourceTitle "playchess.com"]
[Source "ChessBase"]
[SourceQuality "1"]
[TimeControl "40/5400+30:1800+30"]

1. d4 {[%emt 0:00:00]} Nf6 {[%emt 0:06:21]} 2. c4 {[%emt 0:01:38]} e6 {[%emt 0:00:18]} 3. Nf3 {[%emt 0:00:06]} Bb4+ {[%emt 0:00:10]} 4. Nc3 {[%emt 0:00:06]} b6 {[%emt 0:00:38]} 5. g3 {[%emt 0:00:10]} Bb7 {[%emt 0:00:10]} 6. Bg2 {[%emt 0:00:06]} O-O {[%emt 0:00:37]} 7. O-O {[%emt 0:00:26]} Bxc3 {[%emt 0:00:37]} 8. bxc3 {[%emt 0:00:06]} d6 {[%emt 0:00:21]} 9. a4 {[%emt 0:02:13]} Nc6 {[%emt 0:03:28]} 10. d5 {[%emt 0:04:11]} Na5 {[%emt 0:02:33]} 11. dxe6 {[%emt 0:05:07]} fxe6 {[%emt 0:02:54]} 12. Nd2 {[%emt 0:04:00]} Bxg2 {[%emt 0:00:15]} 13. Kxg2 {[%emt 0:00:04]} Qe8 {[%emt 0:03:37]} 14. e4 {[%emt 0:04:31]} Qc6 {[%emt 0:00:11]} 15. Qe2 {[%emt 0:00:06]} Nd7 {[%emt 0:00:12]} 16. f4 {[%emt 0:03:20]} Nc5 {[%emt 0:05:33]} 17. Rb1 {[%emt 0:06:30]} Qxa4 {[%emt 0:03:09]} 18. e5 {[%emt 0:02:09]} dxe5 {[%emt 0:00:31]} 19. Qxe5 {[%emt 0:00:19]} Rad8 {[%emt 0:01:14]} 20. Qe2 {[%emt 0:02:11]} Qc2 {[%emt 0:02:38]} 21. Rb2 {[%emt 0:00:47]} Qxc3 {[%emt 0:00:47]} 22. Ra2 {[%emt 0:00:50]} Rd3 {[%emt 0:03:28]} 23. Ba3 {[%emt 0:00:41]} Rfd8 {[%emt 0:01:54]} 24. Nb1 {[%emt 0:00:35]} Qxc4 {[%emt 0:00:19]} 25. Bxc5 {[%emt 0:00:07]} bxc5 {[%emt 0:01:23]} 26. Rxa5 {[%emt 0:01:02]} Rxg3+ {[%emt 0:00:10]} 27. Kf2 {[%emt 0:00:22]} Rg2+ {[%emt 0:00:08]} 0-1

[Event "14th Poti Open-A 2019"]
[Site "Poti"]
[Date "2019.07.20"]
[Round "9.5"]
[White "Lomsadze, Davit"]
[Black "Pantsulaia, Levan"]
[Result "0-1"]
[WhiteElo "2292"]
[BlackElo "2612"]
[Annotator "RC"]
[PlyCount "66"]
[EventDate "2019.07.13"]
[EventType "swiss"]
[EventCountry "GEO"]
[SourceTitle "playchess.com"]
[Source "ChessBase"]
[SourceQuality "1"]
[TimeControl "40/5400+30:1800+30"]

1. Nf3 {[%emt 0:00:00]} c5 {[%emt 0:06:43]} 2. g3 {[%emt 0:00:46]} g6 {[%emt 0:00:28]} 3. Bg2 {[%emt 0:00:06]} Bg7 {[%emt 0:00:04]} 4. O-O {[%emt 0:00:15]} Nc6 {[%emt 0:00:05]} 5. d3 {[%emt 0:00:39]} e6 {[%emt 0:03:03]} 6. Nc3 {[%emt 0:04:34]} Nge7 {[%emt 0:00:58]} 7. a3 {[%emt 0:02:25]} O-O {[%emt 0:00:09]} 8. Rb1 {[%emt 0:05:24]} b6 {[%emt 0:05:23]} 9. Bd2 {[%emt 0:02:26]} a5 {[%emt 0:00:42]} 10. Qc1 {[%emt 0:07:10]} d5 {[%emt 0:01:17]} 11. Bh6 {[%emt 0:02:13]} Rb8 {[%emt 0:00:46]} 12. Bxg7 {[%emt 0:02:03]} Kxg7 {[%emt 0:00:06]} 13. Nb5 {[%emt 0:03:39]} Ba6 {[%emt 0:03:16]} 14. c4 {[%emt 0:06:45]} Nf5 {[%emt 0:02:59]} 15. Qf4 {[%emt 0:02:22]} Bxb5 {[%emt 0:01:02]} 16. cxb5 {[%emt 0:00:07]} Ncd4 {[%emt 0:00:52]} 17. Nxd4 {[%emt 0:01:47]} Nxd4 {[%emt 0:00:06]} 18. Rfe1 {[%emt 0:00:35]} Nxb5 {[%emt 0:00:27]} 19. e4 {[%emt 0:01:13]} dxe4 {[%emt 0:03:13]} 20. dxe4 {[%emt 0:00:50]} a4 {[%emt 0:00:14]} 21. Rbd1 {[%emt 0:00:34]} Nd4 {[%emt 0:00:24]} 22. Rd2 {[%emt 0:00:47]} Qf6 {[%emt 0:01:03]} 23. Qe3 {[%emt 0:00:50]} e5 {[%emt 0:01:23]} 24. f4 {[%emt 0:00:25]} Rfe8 {[%emt 0:01:32]} 25. Rf1 {[%emt 0:00:31]} Re7 {[%emt 0:00:11]} 26. h4 {[%emt 0:01:16]} exf4 {[%emt 0:01:07]} 27. Rxf4 {[%emt 0:01:42]} Qe5 {[%emt 0:00:07]} 28. Rdf2 {[%emt 0:00:50]} b5 {[%emt 0:00:13]} 29. g4 {[%emt 0:00:47]} b4 {[%emt 0:02:02]} 30. g5 {[%emt 0:01:08]} bxa3 {[%emt 0:00:50]} 31. bxa3 {[%emt 0:00:04]} c4 {[%emt 0:02:37]} 32. Bf1 {[%emt 0:00:14]} Rb3 {[%emt 0:02:01]} 33. Qc1 {[%emt 0:00:06]} Rg3+ {[%emt 0:01:00]} 0-1

[Event "14th Poti Open-A 2019"]
[Site "Poti"]
[Date "2019.07.20"]
[Round "9.6"]
[White "Muradli, Mahammad"]
[Black "Chaqryan, Erik"]
[Result "1-0"]
[WhiteElo "2454"]
[BlackElo "2027"]
[Annotator "ChessBase"]
[PlyCount "115"]
[EventDate "2019.07.13"]
[EventType "swiss"]
[EventCountry "GEO"]
[SourceTitle "playchess.com"]
[Source "ChessBase"]
[SourceQuality "1"]
[TimeControl "40/5400+30:1800+30"]

1. d4 {[%emt 0:06:58]} Nf6 {[%emt 0:00:00]} 2. c4 {[%emt 0:00:03]} g6 {[%emt 0:00:00]} 3. Nc3 {[%emt 0:00:06]} Bg7 {[%emt 0:00:00]} 4. e4 {[%emt 0:00:03]} d6 {[%emt 0:00:00]} 5. Be2 {[%emt 0:00:06]} O-O {[%emt 0:00:00]} 6. Be3 {[%emt 0:00:04]} e5 {[%emt 0:00:49]} 7. d5 {[%emt 0:00:20]} a5 {[%emt 0:00:13]} 8. h4 {[%emt 0:00:05]} Na6 {[%emt 0:03:26]} 9. h5 {[%emt 0:02:08]} Nc5 {[%emt 0:01:19]} 10. Qc2 {[%emt 0:00:08]} c6 {[%emt 0:02:24]} 11. h6 {[%emt 0:03:08]} Bh8 {[%emt 0:00:09]} 12. Bxc5 {[%emt 0:02:36]} dxc5 {[%emt 0:00:04]} 13. Nf3 {[%emt 0:00:09]} a4 {[%emt 0:06:45]} 14. a3 {[%emt 0:07:09]} Qa5 {[%emt 0:04:08]} 15. O-O {[%emt 0:08:49]} Re8 {[%emt 0:11:02]} 16. Rad1 {[%emt 0:07:17]} cxd5 {[%emt 0:05:45]} 17. Nxd5 {[%emt 0:00:49]} Nxd5 {[%emt 0:00:11]} 18. cxd5 {[%emt 0:00:31]} Bd7 {[%emt 0:03:03]} 19. Nd2 {[%emt 0:08:02]} Bf6 {[%emt 0:22:46]} 20. Nc4 {[%emt 0:05:04]} Qc7 {[%emt 0:03:19]} 21. d6 {[%emt 0:06:07]} Qc6 {[%emt 0:00:08]} 22. Rd5 {[%emt 0:06:21]} Rac8 {[%emt 0:07:35]} 23. Na5 {[%emt 0:03:03]} Qb6 {[%emt 0:00:13]} 24. Qc3 {[%emt 0:00:05]} Bh8 {[%emt 0:10:01]} 25. Rfd1 {[%emt 0:01:18]} c4 {[%emt 0:04:02]} 26. Nxc4 {[%emt 0:01:45]} Qd8 {[%emt 0:00:02]} 27. Qb4 {[%emt 0:03:54]} Qh4 {[%emt 0:03:14]} 28. Nb6 {[%emt 0:02:37]} Rc2 {[%emt 0:00:01]} 29. g3 {[%emt 0:00:08]} Qxh6 {[%emt 0:01:09]} 30. Nxd7 {[%emt 0:00:07]} Rxe2 {[%emt 0:00:04]} 31. Qb5 {[%emt 0:00:06]} Qh5 {[%emt 0:05:30]} 32. Nf6+ {[%emt 0:06:01]} Bxf6 {[%emt 0:00:01]} 33. Qxe8+ {[%emt 0:00:01]} Kg7 {[%emt 0:00:01]} 34. d7 {[%emt 0:01:31]} Qf3 {[%emt 0:05:02]} 35. Rf1 {[%emt 0:00:13]} Rxf2 {[%emt 0:00:18]} 36. Rxf2 {[%emt 0:00:09]} Qxg3+ {[%emt 0:00:04]} 37. Kf1 {[%emt 0:00:06]} Qh3+ {[%emt 0:00:04]} 38. Ke2 {[%emt 0:01:53]} Qg4+ {[%emt 0:00:08]} 39. Kd2 {[%emt 0:02:31]} Bg5+ {[%emt 0:00:35]} 40. Kc3 {[%emt 0:00:00]} Qg3+ {[%emt 0:00:00]} 41. Kb4 {[%emt 0:01:48]} Qxf2 {[%emt 0:09:09]} 42. d8=Q {[%emt 0:04:45]} Qxb2+ {[%emt 0:02:54]} 43. Kxa4 {[%emt 0:01:15]} Qc2+ {[%emt 0:01:34]} 44. Kb5 {[%emt 0:02:06]} Qb3+ {[%emt 0:02:19]} 45. Ka5 {[%emt 0:03:47]} Qxa3+ {[%emt 0:01:31]} 46. Kb6 {[%emt 0:00:06]} Qb4+ {[%emt 0:06:52]} 47. Kc7 {[%emt 0:00:29]} Bxd8+ {[%emt 0:01:27]} 48. Rxd8 {[%emt 0:00:14]} Qxe4 {[%emt 0:00:44]} 49. Qf8+ {[%emt 0:00:14]} Kf6 {[%emt 0:00:01]} 50. Rd6+ {[%emt 0:00:20]} Kg5 {[%emt 0:00:09]} 51. Qe7+ {[%emt 0:01:58]} Kh6 {[%emt 0:01:20]} 52. Qxf7 {[%emt 0:00:21]} Qf4 {[%emt 0:00:22]} 53. Rf6 {[%emt 0:00:34]} Qc1+ {[%emt 0:00:18]} 54. Kb8 {[%emt 0:00:39]} Qc5 {[%emt 0:01:17]} 55. Qe6 {[%emt 0:01:58]} b5 {[%emt 0:01:44]} 56. Rf7 {[%emt 0:00:41]} b4 {[%emt 0:00:42]} 57. Qh3+ {[%emt 0:00:28]} Kg5 {[%emt 0:00:00]} 58. Qg3+ {[%emt 0:00:01]} 1-0